Statistiken für Längste Flüsse in Nordrhein-Westfalen

Klicken Sie hier um das Quiz zu spielen!

Allgemein

  • Dieses Quiz wurde 263 mal gespielt
  • Das Durchschnittsergebnis liegt bei 7 aus 11

Antwortstatistiken

FlussFließlänge in NRW% Korrekt
Rhein226 km
100%
Ruhr219 km
95%
Lippe220 km
87%
Ems156 km
79%
Wupper116 km
67%
Sieg110 km
63%
Weser116 km
53%
Rur132 km
47%
Erft107 km
39%
Lenne129 km
25%
Niers110 km
17%

Verteilung der Resultate

Perzentil nach korrekt beantworteten Fragen

Anzahl Personen mit jedem Resultat

Ihre Resultats-Entwicklung

Sie haben dieses Quiz noch nicht gespielt